Statistics for Frank Sinatra Quiz

Click here to take the quiz!

General Stats

  • This quiz has been taken 131 times
  • The average score is 9 of 15

Answer Stats

QuestionAnswer% Correct
His eldest daughter of the same surnameNancy Sinatra
86%
State he was born inNew Jersey
76%
1960 film where he starred as Danny OceanOcean's 11
74%
Informal group of entertainers centerd on the Las Vegas casino sceneRat Pack
74%
Name of his only son who was kidnapped at age 19 in1963Frank Sinatra Jr.
72%
Song consisting of lyrics 'Fill my heart with song, and let me sing forever more'Fly Me to the Moon
71%
This president awarded him the Presidential Medal of FreedomRonald Reagan
61%
Began Musical Career in this musical eraSwing Era
56%
Song he performed written by Paul Anka, spending a standing record 75 weeks in the UK top 40My Way
51%
He starred in this 1957 film: The Man with the Golden ___Arm
48%
Movie where he won the Oscar for best supporting actor in 1954From Here to Eternity
42%
'Love and Marriage' was the theme song to this sitcomMarried... with Children
39%
'Death on the Nile' star who was his 3trd wifeMia Farrow
38%
His song 'Luck Be a Lady' was heavily featured in the soundtrack of this Robin Williams filmMrs. Doubtfire
35%
Nickname for his teenage female fansBobby Soxers
29%

Score Distribution

Percentile by Number Answered

Percent of People with Each Score

Your Score History

You have not taken this quiz